|
|
|
|
| LEADER |
00000nam a22000007a 4500 |
| 005 |
20220823224634.0 |
| 007 |
cr|||| |||| |
| 008 |
220823s2022 es |||||s|||| 00||0 spa d |
| 020 |
|
|
|a 978-84-1122-161-0
|
| 035 |
|
|
|a 36674
|
| 040 |
|
|
|a vLex
|
| 090 |
|
|
|c 13805
|d 13805
|
| 100 |
1 |
|
|a Alberich Nistal, Toms̀
|
| 245 |
1 |
0 |
|a Desde las Asociaciones de Vecinos al 15M y las mareas ciudadanas
|h [Recurso electrn̤ico] :
|b [breve historia de los movimientos sociales] /
|c Toms̀ Alberich Nistal
|
| 256 |
|
|
|a Servicio en ln̕ea
|
| 260 |
|
|
|a Madrid:
|b Dykinson,
|c 2022
|
| 300 |
|
|
|a 1 recurso electrn̤ico
|
| 500 |
|
|
|a Medio siglo de asociaciones y movimientos sociales. Esta obra trata sobre los antecedentes histr̤icos y la evolucin̤ de los movimientos sociopolt̕icos en Espaą, desde los aǫs setenta del pasado siglo hasta el 2021. Primero se da un repaso a las principales teora̕s y autores que han reflexionado e investigado sobre los movimientos sociales y sobre el asociacionismo, aclarando conceptos y definiciones. A continuacin̤, sin ser exhaustivos, se presentan algunas caracters̕ticas de los movimientos sociales del l︢timo medio siglo, explicando los principales de cada dčada, desde las histr̤icas Asociaciones de Vecinos y los movimientos ciudadanos y sindicales de la transicin̤ polt̕ica hacia la democracia, pasando a continuacin̤ por los movimientos de solidaridad y voluntariado, altermundistas y antiglobalizacin̤ de principios de siglo. Algunos de estos movimientos han utilizado mťodos y estrategias de accin̤ que, por su forma o contenido, se pueden interpretar como precedentes de los utilizados por los movimientos de protesta ms̀ recientes que denominamos de “indignados” y el movimiento 15M. Se trata as ̕el surgimiento del 15M en 2011 y las diferencias y semejanzas con los movimientos sociales histr̤icos y modernos, sus experiencias, logros y no logros, y algunas consecuencias para el sistema polt̕ico y para los movimientos sociales tradicionales actuales. Finalmente se indaga sobre los escenarios y retos de futuro, a partir de los movimientos sociales ms̀ significativos de los l︢timos aǫs, como son la Plataforma de Afectados por la Hipoteca (PAH), las mareas ciudadanas y los l︢timos movimientos y movilizaciones (feminista, pensionistas, por la crisis climt̀ica, etc.)
|
| 506 |
1 |
|
|a Disponible solo en los productos indicados
|d vLex Global
|d vLex Global (Academic Edition, excluding Law Schools)
|d vLex Global (U.S. Academic Edition, Law Schools)
|d vLex Global (U.S. Academic Edition, excluding Law Schools)
|d vLex Global (Academic Edition, Law Schools)
|
| 650 |
0 |
4 |
|a Derecho Constitucional
|z Espaą
|
| 740 |
0 |
|
|a vLex Libros (Servicio en ln̕ea)
|
| 856 |
4 |
0 |
|u https://app.vlex.com/#/sources/36674
|z Acceso restringido
|
| 942 |
|
|
|c BOOK
|
| 999 |
0 |
|
|a Constitutional right
|